[Event "Novokuznetsk-ch op"]
[Site "Novokuznetsk"]
[Date "2007.11.24"]
[Round "4"]
[White "Paraskivopulo, Andrey"]
[Black "Rastvortsev, Yury"]
[Result "1/2-1/2"]
[WhiteElo "2149"]
[BlackElo "1917"]
[PlyCount "138"]
[EventDate "2007.11.24"]
[EventType "swiss"]
[EventRounds "9"]
[EventCountry "RUS"]
[SourceTitle "EXT 2022"]
[Source "ChessBase"]
[SourceDate "2021.10.06"]
[SourceVersion "1"]
[SourceVersionDate "2021.10.06"]
[SourceQuality "1"]

1. e4 e5 2. Nf3 Nc6 3. Bc4 Nf6 4. d3 Be7 5. Nc3 d6 6. Ng5 0-0 7. f4 h6 8. Nf3 Bg4 9. h3 Be6 10. Bb5 Nh5 11. Bxc6 Bh4+ 12. Kf1 bxc6 13. f5 Ng3+ 14. Kg1 Nxh1 15. Kxh1 Bd7 16. Nh2 Bg5 17. Qf3 Bxc1 18. Rxc1 Qg5 19. Rf1 Rab8 20. b3 g6 21. g3 gxf5 22. exf5 d5 23. h4 Qg7 24. g4 f6 25. Ne2 Kf7 26. d4 exd4 27. Nf4 Rfe8 28. Ng6 Re3 29. Qf4 Rbe8 30. Qxc7 Kg8 31. Qd6 Re1 32. Kg1 Rxf1+ 33. Kxf1 Re4 34. Kf2 Be8 35. Qd8 Kh7 36. h5 Qf7 37. Qd6 Kg7 38. Kf3 Bd7 39. Nf1 Re8 40. Ng3 Rc8 41. Ne2 c5 42. Nef4 Rc6 43. Ne6+ Bxe6 44. Qxc6 Bd7 45. Qxc5 Qe8 46. Qe7+ Kg8 47. Qxe8+ Bxe8 48. Ne7+ Kf7 49. Nxd5 Bb5 50. c4 dxc3 51. Nxc3 Bc6+ 52. Ke3 Ke7 53. Ne4 Bb5 54. a4 Bf1 55. Kd4 Be2 56. Nf2 Kd6 57. b4 a6 58. Ne4+ Ke7 59. Kc5 Bxg4 60. Ng3 Bd1 61. b5 axb5 62. axb5 Bf3 63. Kb6 Kd6 64. Ka7 Ke5 65. b6 Kf4 66. Ne2+ Kg5 67. Nd4 Bg2 68. Kb8 Kxh5 69. Kc7 Ba8 1/2-1/2